000 00503nam a22001697a 4500
003 OSt
005 20140310182530.0
008 130813t xxu||||| |||| 00| 0 eng d
020 _a9789812729989
050 _aRB 37
_b.M478 2011
100 _aMcPherson, Richard A.
245 _aHenry's clinical diagnosis and management by laboratory methods /
_cRichard A. McPherson.
260 _aChina :
_bElsevier,
_cc2011.
300 _a1543 p. :
_bcol. ill. ;
_c29 cm.
942 _2lcc
_cSSLC
999 _c14130
_d14130